Iglesia híbrida. Aproximación a las comunidades de Jesús

Gespeichert in:
Bibliographische Detailangaben
1. Verfasser: Achondo Moya, Pedro Pablo
Format: Buch
Sprache:Englisch
Veröffentlicht: Santiago, Chile San Pablo 2020
Schlagworte:
Tags: Tag hinzufügen
Keine Tags, Fügen Sie den ersten Tag hinzu!

MARC

LEADER 00000nam a22000007a 4500
003 CL-VaPUC
005 20210820123211.0
008 200515b ||||| |||| 00| 0 eng d
999 |c 431650  |d 431648 
020 |a 9789562566100 
040 |c Pontificia Universidad Católica de Valparaíso 
082 |2 21  |a 260 ACH 2020 
100 1 |a Achondo Moya, Pedro Pablo  |9 856371 
245 1 0 |a Iglesia híbrida.  |b Aproximación a las comunidades de Jesús 
260 3 |a Santiago, Chile  |b San Pablo  |c 2020 
300 |a 184 páginas 
583 |c 20200515  |k Daniel Castañeda 
650 0 0 |a Teología social de la Iglesia  |9 378196 
650 0 0 |a Comunidades religiosas  |9 315330 
650 0 0 |a Eclesiología   |9 366152 
942 |2 ddc  |c BK 
952 |0 0  |1 0  |2 ddc  |4 0  |6 260_000000000000000_ACH_2020  |7 0  |9 576539  |a BIBTEO  |b BIBTEO  |d 2020-06-04  |i 5619106  |l 16  |m 7  |o 260 ACH 2020  |p 5619106  |r 2025-01-17  |s 2023-10-26  |t 1  |w 2020-06-04  |y BK  |k ICR 
952 |0 0  |1 0  |2 ddc  |4 0  |6 260_000000000000000_ACH_2020  |7 0  |8 A  |9 578652  |a BIBTEO  |b BIBTEO  |d 2021-08-20  |e 96  |g 7200.00  |i 5587980  |l 1  |o 260 ACH 2020  |p 5587980  |r 2025-01-17  |s 2023-10-31  |t 2  |v 7200.00  |w 2021-08-20  |y BK  |k ICR 
952 |0 0  |1 0  |2 ddc  |4 0  |6 260_000000000000000_ACH_2020  |7 0  |8 A  |9 578653  |a BIBTEO  |b BIBTEO  |d 2021-08-20  |e 96  |g 7200.00  |i 5587999  |o 260 ACH 2020  |p 5587999  |r 2025-01-17  |t 3  |v 7200.00  |w 2021-08-20  |y BK  |k ICR